Statistiken für 8 Ländernamen in 8 ozeanischen Sprachen

Klicken Sie hier um das Quiz zu spielen!

Allgemein

  • Dieses Quiz wurde 9 mal gespielt
  • Das Durchschnittsergebnis liegt bei 17 aus 64

Antwortstatistiken

SpracheLand% Korrekt
Fiji HindiSamoa
100%
Pitcairn-NorfolkSamoa
100%
JavaneseSamoa
100%
New Guinea PidginSamoa
100%
SamoanSāmoa
100%
Pitcairn-NorfolkFiijii
86%
Fiji HindiFiji
86%
HawaiianFiji
86%
New Guinea PidginFiji
86%
JavaneseFiji
86%
Pitcairn-NorfolkKiribaati
71%
Fiji HindiKiribati
71%
JavaneseKiribati
71%
Pitcairn-NorfolkEist Tiimor
57%
Fiji HindiJapan
57%
Pitcairn-NorfolkJapan
57%
HawaiianTimor-Leste
57%
New Guinea PidginTimor-Leste
57%
Fiji HindiTimor Leste
57%
Fiji HindiNew Zealand
43%
Fiji HindiUnited States
29%
TahitianHāmoa
14%
MāoriHāmoa
14%
HawaiianIāpana
14%
SamoanIapani
14%
JavaneseJepang
14%
New Guinea PidginKiribas
14%
MāoriKiripati
14%
SamoanKiripati
14%
MāoriNipono
14%
SamoanNiu Sila
14%
New Guinea PidginNiu Silan
14%
Fiji HindiUnited Kingdom
14%
HawaiianʻAmelika Hui Pū ʻia
0%
JavaneseAmérika Sarékat
0%
HawaiianAotearoa
0%
MāoriAotearoa
0%
TahitianAotearoa
0%
HawaiianAupuni Mōʻī Hui Pū ʻia
0%
TahitianFenua Marite
0%
TahitianFītī
0%
SamoanFiti
0%
MāoriHononga-o-Amerika
0%
SamoanIunaite Sitete o Amerika
0%
JavaneseKarajan Manunggal
0%
HawaiianKilipaki
0%
MāoriKīngitanga Kotahi
0%
JavaneseNiu Sélan
0%
Pitcairn-NorfolkNyuu Ziilan
0%
New Guinea PidginOl Yunaitet Stet
0%
TahitianParatāne
0%
SamoanPeretānia
0%
HawaiianSāmoa Komohana
0%
SamoanSasaʻe Timor
0%
New Guinea PidginSiapan
0%
TahitianTāpōnē
0%
MāoriTīmoa-ki-te-Rāwhiti
0%
TahitianTimoru
0%
JavaneseTimor Wétan
0%
TahitianTiribati
0%
MāoriWhītī
0%
New Guinea PidginYunaitet Kingdom
0%
Pitcairn-NorfolkYunitid Kingdum
0%
Pitcairn-NorfolkYunitid Staits o' Merika
0%

Verteilung der Resultate

Perzentil nach korrekt beantworteten Fragen

Anzahl Personen mit jedem Resultat

Ihre Resultats-Entwicklung

Sie haben dieses Quiz noch nicht gespielt